000 00843nam a2200253Ia 4500
003 OSt
005 20220918171440.0
006 a|||||r|||| 00| 0
007 ta
008 220917b |||||||| |||| 00| 0 eng d
020 _a9781784535506 (hbk)
_cUKP 69.00
024 _a317,780
037 _b10598, 05/03/2017, Organge Books International
_cTextual
040 _aARTS
_cARTS
_beng
041 _2eng
_aeng
082 _aV2.L, Q6
100 _aAhmad Fouzia Farooq Au.
_936601
245 0 _aMuslim rule in medievel India
_b power and religion in the Delhi sultanate
260 _aLondon
_bI.B.Tauris UK
_c2016
300 _axvi,286p.
_ccm.
650 _aINDIA - HISTORY - MUGHALS
_928757
942 _hV2.L, Q6
_cTEXL
_2CC
999 _c139588
_d139588